Walden : (Record no. 9594)

MARC details
000 -LEADER
fixed length control field 01177nam a22002537a 4500
001 - CONTROL NUMBER
control field 9594
003 - CONTROL NUMBER IDENTIFIER
control field FISKH
005 - DATE AND TIME OF LATEST TRANSACTION
control field 20260126083108.0
008 - FIXED-LENGTH DATA ELEMENTS--GENERAL INFORMATION
fixed length control field 260126b cb ||||| |||| 00| 0 eng d
020 ## - INTERNATIONAL STANDARD BOOK NUMBER
International Standard Book Number 9781784872410
040 ## - CATALOGING SOURCE
Original cataloging agency FISKH
Language of cataloging eng
Transcribing agency FISKH
Modifying agency FISKH
050 ## - LIBRARY OF CONGRESS CALL NUMBER
Classification number PS3048 .A1
082 ## - DEWEY DECIMAL CLASSIFICATION NUMBER
Classification number 818.303
100 ## - MAIN ENTRY--PERSONAL NAME
Personal name Thoreau, Henry David
Relator term Author
245 ## - TITLE STATEMENT
Title Walden :
Remainder of title Or life in the woods /
Statement of responsibility, etc. With an introduction by Benjamin Markovits
250 ## - EDITION STATEMENT
Edition statement This edition published in 2017.
260 ## - PUBLICATION, DISTRIBUTION, ETC.
Place of publication, distribution, etc. London :
Name of publisher, distributor, etc. Vintage ,
Date of publication, distribution, etc. 1854
300 ## - PHYSICAL DESCRIPTION
Extent 295 pages :
Dimensions 20 cm
520 ## - SUMMARY, ETC.
Summary, etc. In 1845 Henry David Thoreau, one of the principal New England Transcendentalists, left the town for the country. Beside the lake of Walden, he built himself a log cabin and returned to nature, to observe and reflect while surviving on eight dollars a year. From this experience emerged one of the great classics of American literature, a deeply personal reaction against the commercialism and materialism that he saw as the main impulses of mid-19th century America.
650 ## - SUBJECT ADDED ENTRY--TOPICAL TERM
Topical term or geographic name entry element American literature
Form subdivision Autobiography
650 ## - SUBJECT ADDED ENTRY--TOPICAL TERM
Topical term or geographic name entry element Classic
Form subdivision Philosophy
942 ## - ADDED ENTRY ELEMENTS (KOHA)
Source of classification or shelving scheme Dewey Decimal Classification
Koha item type Books
Suppress in OPAC No
Holdings
Withdrawn status Lost status Source of classification or shelving scheme Damaged status Not for loan Collection Home library Current library Shelving location Date acquired Total Checkouts Full call number Barcode Date last seen Date last checked out Copy number Price effective from Koha item type
    Dewey Decimal Classification     Non-Fiction Footprints International School Library Network Toul Tom Poung Campus Footprints International School Library Network Toul Tom Poung Campus TTP Secondary Non-Fiction Bookshelves 01/26/2026 1 THO 818.303 PS3048 .A1 2026-0110 02/10/2026 02/02/2026 1 01/26/2026 Books